01016nas a2200301 4500001001300000003000900013005001700022007000300039008003400042040005400076041000900130072000800139100001900147100002000166100002300186100001800209245008800227650001200315650001200327650001100339650002100350650001700371773009600388909004000484942001800524999001900542952015300561BR2015001537BR-BrBNA20231205125112.0ta230509b bl.|||p| |||| 00| 00por d aBR-BrBNAbporcBiblioteca Nacional de Agricultura a(Pt) aP061 aTrzeciak, M.B.1 aNeves, M.B. das1 aVinholes, P. da S.1 aVillela, F.A.1 aUtilização de sementes de espécies oleaginosas para produção de biodiesel aSEMENTE aENERGIA aÓLEO aBIOCOMBUSTÍVEL aPRODUÇÃO0 tInformativo ABRATES (Brazil)xISSN 0103-667Xg(Dec 2008), v. 18(1-3) p. 31-38wBR2015001537 a202311bLúciac55dLúcia Elande 2AGRISn0cANA c242644d242644 002AGRIS4071a41918b41918cPeriódicos Agrícolash(Dec 2008), v. 18(1-3) p. 31-38l0r2023-11-29t01yCRePortaria Interministerial nº 164/94